000 00892nam a2200289 i 4500
001 000028608
003 DO-SdBNP
005 20251022104108.0
007 ta
008 110411s1999 dr a 000 p spa d
040 _aDO-SdBNP
_bspa
_cBNPHU
_erda
041 _aspa
082 4 _aRD861.44
_bN714h
_222
100 1 _aNina, Juan B.,
_d1959-
_q(Juan Bautista)
_eautor
_4aut.
_99246
245 1 0 _aHistoria del silencio /
_cJuan B. Nina.
264 1 _aSanto Domingo :
_bCasa Weber,
_c1999.
300 _a38 páginas :
_bilustraciones ;
_c21 cm.
336 _atexto
_btxt
_2rdacontent
337 _asin mediación
_bn
_2rdamedia
338 _avolumen
_bnc
_2rdacarrier
490 0 _aAntología de nuestra voz
_v60
590 _aInventariado, 2018/LP
650 4 _aPoesía dominicana
_966
650 4 _aLiteratura dominicana.
_967
910 _aValidado. Control de calidad MFF
942 _2ddc
_cLF2
999 _c28100
_d28100